Seguimiento radioeléctrico de satélites y sondas espaciales / (Record no. 25263)
[ view plain ]
| 000 -LEADER | |
|---|---|
| campo de control de longitud fija | 00833nam a2200229 i 4500 |
| 001 - NÚMERO DE CONTROL | |
| campo de control | 25263 |
| 003 - IDENTIFICADOR DE NÚMERO DE CONTROL | |
| campo de control | ES-MaACL |
| 005 - FECHA Y HORA DE LA ÚLTIMA TRANSACCIÓN | |
| campo de control | 20230921100716.0 |
| 007 - CAMPO FIJO DE DESCRIPCIÓN FÍSICA--INFORMACIÓN GENERAL | |
| campo de control de longitud fija | t| |
| 008 - DATOS DE LONGITUD FIJA--INFORMACIÓN GENERAL | |
| campo de control de longitud fija | 021223s1964 sp ||||1| spa d |
| 100 1# - ENTRADA PRINCIPAL--NOMBRE DE PERSONA | |
| Nombre de persona | Bautista Aranda, Manuel. |
| 9 (RLIN) | 26619 |
| 245 10 - MENCIÓN DEL TÍTULO | |
| Título | Seguimiento radioeléctrico de satélites y sondas espaciales / |
| Mención de responsabilidad, etc. | por Manuel Bautista Aranada. |
| 260 ## - PUBLICACIÓN, DISTRIBUCIÓN, ETC. | |
| Lugar de publicación, distribución, etc. | Madrid : |
| Nombre del editor, distribuidor, etc. | [s.n., |
| Fecha de publicación, distribución, etc. | 1964] ( |
| Fabricante | Imp. del Instituto) |
| 300 ## - DESCRIPCIÓN FÍSICA | |
| Extensión | 90 p. : |
| Otras características físicas | il. ; |
| Dimensiones | 24 cm. |
| 500 ## - NOTA GENERAL | |
| Nota general | Precede al tít.: Instituto Nacional de Técnica Aeroespacial "Esteban Terradas" |
| 650 00 - PUNTO DE ACCESO ADICIONAL DE MATERIA--TÉRMINO DE MATERIA | |
| Término de materia o nombre geográfico como elemento de entrada | Satélites artificiales. |
| 9 (RLIN) | 16995 |
| 710 2# - ENTRADA AGREGADA--NOMBRE DE ENTIDAD CORPORATIVA | |
| Nombre de entidad corporativa o nombre de jurisdicción como elemento de entrada | Instituto Nacional de Técnica Aeroespacial (España) |
| 9 (RLIN) | 5191 |
| 852 ## - LOCALIZACIÓN | |
| Ubicación | ES-MaACL |
| Número de control de estantería | C-27385 |
| itemnumber | 26196 |
| 852 ## - LOCALIZACIÓN | |
| Ubicación | ES-MaACL |
| Número de control de estantería | C-28455/Ej.1 |
| Sublocalización o colección | R.56782 |
| itemnumber | 31542 |
| 942 ## - ELEMENTOS DE ENTRADA SECUNDARIOS (KOHA) | |
| Fuente del sistema de clasificación o colocación | Clasificación decimal universal |
| Estatus retirado | Estado de pérdida | Estado de daño | No para préstamo | Biblioteca de origen | Biblioteca actual | Ubicación en estantería | Fecha de adquisición | Fuente de adquisición | Total de préstamos | Signatura topográfica completa | Código de barras | Visto por última vez | Precio de reemplazo | Tipo de ítem Koha | Fuente del sistema de clasificación o colocación | Restricciones de uso |
|---|---|---|---|---|---|---|---|---|---|---|---|---|---|---|---|---|
| Biblioteca del Ateneo de Madrid | Biblioteca del Ateneo de Madrid | Depósito 2 | 17/01/2008 | C-27385 | 1026046 | 23/02/2023 | 23/02/2023 | Libro impreso | ||||||||
| Biblioteca del Ateneo de Madrid | Biblioteca del Ateneo de Madrid | Depósito 2 | 17/01/2008 | C-28455/Ej.1 | 1031385 | 23/02/2023 | 23/02/2023 | Libro impreso | Clasificación decimal universal | Duplicado |
